[Event "80th ARM-ch 2020"]
[Site "Yerevan"]
[Date "2020.01.20"]
[Round "9.4"]
[White "Sargsyan, Shant"]
[Black "Ter-Sahakyan, Samvel"]
[Result "1/2-1/2"]
[WhiteElo "2601"]
[BlackElo "2617"]
[Annotator "TA"]
[PlyCount "61"]
[EventDate "2020.01.12"]
[EventType "tourn"]
[EventCountry "ARM"]
[SourceTitle "playchess.com"]
[Source "ChessBase"]
[SourceQuality "1"]

{[%evp 26,61,28,17,18,0,0,0,8,4,7,8,14,0,0,0,0,0,17,0,0,0,15,0,32,25,42,33,73,43,76,77,79,0,0,-7,0,0]} 1. d4 Nf6 2. c4 e6 3. Nf3 d5 4. Nc3 c5 5. cxd5 Nxd5 6. e4 Nxc3 7. bxc3 cxd4 8. cxd4 Bb4+ 9. Bd2 Bxd2+ 10. Qxd2 O-O 11. Bc4 Nd7 12. O-O b6 13. Rad1 Bb7 14. Rfe1 Rc8 {D41: Queen's Gambit Declined: Semi-Tarrasch with 5 cxd5} 15. Bb3 Re8 16. h3 Nf6 17. Qf4 Nh5 18. Qh2 h6 19. Ne5 Nf6 20. Qf4 b5 21. Re3 Rc7 22. Nd3 {[#]} Ba8 $146 23. Nc5 Qe7 24. Qe5 Rc6 25. a4 b4 26. a5 {Strongly threatening Ba4.} Qc7 27. f4 Rc8 28. Ba4 Rd6 {[#]} 29. Rb1 (29. f5 $1 $16) 29... Qd8 $11 30. Rg3 Kh8 (30... Rxd4 $5 {[%cal Rc8c5]} 31. Nd7 Rxd7 32. Bxd7 Rc4 $15) 31. Rxb4 {Accuracy: White = 51%, Black = 41%.} 1/2-1/2

[Event "80th ARM-ch 2020"]
[Site "Yerevan"]
[Date "2020.01.20"]
[Round "9.5"]
[White "Gharibyan, Mamikon"]
[Black "Mikaelyan, Arman"]
[Result "1/2-1/2"]
[WhiteElo "2381"]
[BlackElo "2476"]
[Annotator "TA"]
[PlyCount "131"]
[EventDate "2020.01.12"]
[EventType "tourn"]
[EventCountry "ARM"]
[SourceTitle "playchess.com"]
[Source "ChessBase"]
[SourceQuality "1"]

{[%evp 9,131,16,38,26,35,27,31,31,33,-12,17,12,27,15,40,29,19,4,14,-2,10,-41,0,0,0,0,40,27,32,32,92,90,83,103,158,148,161,154,143,143,154,139,136,108,109,128,89,45,119,118,189,175,200,168,214,206,211,196,320,328,143,373,375,375,382,386,495,495,495,489,5510,5065,1743,480,468,468,461,460,444,460,460,443,397,276,332,331,348,333,370,204,187,184,356,194,335,211,281,281,267,287,319,326,320,246,255,229,259,72,153,49,11,0,0,-8,-8,-8,-8,-8,-8,-8,-8,-8,-8,-8]} 1. d4 d5 2. c4 c6 3. Nf3 Nf6 4. e3 Bg4 5. h3 Bh5 6. g4 {D11: Slav Defence: 3 Nf3 sidelines and 3...Nf6 4 e3 Bg4} (6. Nc3 e6 7. g4 Bg6 8. Ne5 Nbd7 9. Nxg6 hxg6 10. a3 g5 11. Bd2 Be7 12. Qf3 Nb6 13. b3 Rc8 14. c5 Nbd7 15. b4 Qc7 {0-1 (51) Andreikin,D (2724)-Dreev,A (2677) Moscow 2019}) 6... Bg6 7. Ne5 Nbd7 8. Nxg6 {White is slightly better.} hxg6 9. Nd2 e6 10. Bg2 Bb4 11. Qc2 e5 $146 ({Predecessor:} 11... O-O 12. O-O Re8 13. a3 Bd6 {0-1 (46) Sorokin,A (2486)-Costachi,M (2418) Mamaia 2017}) 12. cxd5 Nxd5 13. dxe5 Nxe5 14. a3 Qf6 15. Qe4 (15. axb4 Nxb4 16. Qb3 Nbd3+ 17. Kd1 Qxf2 $17) (15. Bxd5 $11 Bxd2+ 16. Bxd2 cxd5 17. Bc3) 15... Bxd2+ 16. Bxd2 {Black must now prevent f4.} O-O-O {And now ...Nf4! would win.} 17. O-O Rhe8 18. Rac1 Kb8 19. b4 {[%cal Bb2b4,Bb4b5][%mdl 32]} Qh4 (19... b5 $14) 20. Qc2 f5 21. gxf5 g5 (21... Qe7 $142) 22. f4 gxf4 23. exf4 Nd7 {[#]} 24. b5 $1 {[%cal Rb5c6][%mdl 512]} c5 (24... cxb5 25. Bxd5) 25. Be1 (25. Bxd5 Qg3+ 26. Bg2 Re2 $17) 25... Qf6 {and if ...Ne3 works, Black does fine.} 26. Bf2 Ne3 27. Bxe3 $1 Rxe3 28. Rcd1 Ree8 ({Black should try} 28... Qe7 $14) 29. a4 $16 Qb6 (29... Qe7 $16) 30. Qc3 $1 $18 c4+ 31. Kh1 Nf6 32. Rxd8+ ({Don't do} 32. Qxc4 $6 Rc8 $16) 32... Rxd8 33. Qxc4 Nh5 (33... Qd4 $142 34. Qe2 Re8) 34. Rc1 Ng3+ 35. Kh2 Nxf5 36. Qe4 Nd6 37. Qe5 a5 38. bxa6 Qxa6 39. Qxg7 {aiming for Qc7+.} Qxa4 (39... Qb6 $142 40. Rd1 Qb3) 40. Qc7+ {[%mdl 64] Double Attack} Ka7 41. Qc5+ (41. Rc5 $142 {White wants to mate with Ra5+.} Rd7 42. Ra5+ Qxa5 43. Qxa5+ Kb8 44. h4) 41... Kb8 42. Qe5 ({Not} 42. Qc7+ Ka7) 42... Qb5 {If only Black now had time for ...Qxe5....} 43. Rc5 Qe8 {and the idea ...Qxe5 leaves Black hopeful.} 44. Rd5 Kc7 {Now ...Qxe5 and Black clings on.} 45. Qc3+ Kb8 46. Ra5 Qf8 47. Qd4 {Threatens to win with Qa7+.} Nc8 48. Rb5 ({Don't take} 48. Qe5+ Qd6 $18) 48... Nd6 {[#]} 49. Rb4 (49. Qe5 $142 $1 {Intending Rxb7+ and mate.} Rd7 50. Rd5) 49... Qe7 50. Qe5 $40 {[%mdl 128] White goes for the king.} Qc7 $2 (50... Re8 {was called for.}) 51. Qd5 (51. Rd4 $142) 51... Rd7 (51... Qe7 {was worth a try.} 52. Rb2 Qc7) 52. h4 Qd8 {[#]} 53. Qg5 $1 Qh8 54. h5 Rh7 {[#]} 55. Bf3 $1 Rc7 56. Qd5 Qf6 {...Qh4+ is the strong threat.} 57. Qg8+ Rc8 58. Qg3 $2 (58. Qg6 $18 Qxg6 59. hxg6) 58... Rc7 ({Black should play} 58... Rc2+ 59. Bg2 Rc5) 59. Bg2 (59. Qg6 $16 Qe7 60. Rd4) 59... Rg7 $14 60. Qh3 {The position is equal.} Nf5 61. Rxb7+ Rxb7 62. Bxb7 Kxb7 63. Qg2+ Kc7 64. Qg5 Qe6 65. Qg4 Kd6 66. Qg6 {Accuracy: White = 51%, Black = 24%.} 1/2-1/2